| 000 | 00661nam a2200217Ia 4500 | ||
|---|---|---|---|
| 003 | GCL | ||
| 008 | 140319s9999 xx 000 0 ara d | ||
| 040 |
_aGCL / _cGCL |
||
| 082 | 0 | 4 |
_a811.009 _bم ع |
| 100 | 1 | _aمى يوسف خليف | |
| 245 | 1 | 0 |
_aالعناصر القصصية فى الشعر الجاهلى / _cمى يوسف خليف |
| 260 |
_a[S.N] : _bدار الثقافة للنشر والتوزيع ، _c1988 |
||
| 300 | _a239 ص | ||
| 490 | _a | ||
| 650 | 0 | 4 | _aالشعر العربى |
| 650 | 0 | 4 | _aالعصر الجاهلى |
| 650 | 0 | 4 | _aالشعر |
| 650 | 0 | 4 | _aالشعر القصصى |
| 650 | 0 | 4 | _aتاريخ ونقد |
| 942 |
_2ddc _cBK |
||
| 999 |
_c29917 _d29917 |
||